| 000 | 00735nam a2200217Ia 4500 | ||
|---|---|---|---|
| 003 | GCL | ||
| 005 | 20240530103758.0 | ||
| 008 | 140319s9999 xx 000 0 ara d | ||
| 040 |
_aGCL / _cGCL |
||
| 082 | 0 | 4 |
_a953 _bع د |
| 100 | 1 | _aعبدالمنعم ابراهيم الجميعى | |
| 245 | 1 | 0 |
_aدراسات فى تاريخ العالم العربى الحديث والمعاصر / _cعبدالمنعم ابراهيم الجميعى |
| 300 | _a251 | ||
| 490 |
_aالمشرق والمغرب _v0 |
||
| 650 | 0 | 4 | _aالعالم العربى |
| 650 | 0 | 4 | _aتاريخ |
| 650 | 0 | 4 | _aالوطن العربى |
| 650 | 0 | 4 | _aجامعة الدول العربية |
| 650 | 0 | 4 | _aالعالم العربى - تاريخ |
| 942 |
_2ddc _cBK |
||
| 999 |
_c42426 _d42426 |
||